Les plus grands acteurs de tous les temps (pt. 2) - Statistiques

Statistiques générales
  • Ce quiz a été pris 570 fois
  • Le résultat moyen est 10 sur 20
Statistiques - réponses
Par images Réponse % Correct
Will Smith
96%
Tom Cruise
93%
Harrisson Ford
80%
Samuel L. Jackson
72%
Robin Williams
68%
Anthony Hopkins
66%
Joaquin Phoenix
66%
Heath Ledger
57%
James Dean
54%
John Wayne
45%
Chadwick Boseman
39%
Kirk Douglas
36%
Robert Redford
34%
Dustin Hoffman
33%
Forest Whitaker
31%
Christopher Walken
21%
Don Cheadle
17%
Charlton Heston
15%
Gary Cooper
13%
Gene Kelly
13%
Aucun quiz correspondant
Distribution des résultats
% des personnes avec chaque résultat
Percentile par nombre de réponses
Votre historique - résultats
Vous n’avez pas pris ce quiz